Alle Mitglieder des Wu Tang Clans - Statistiken

Allgemein
  • Dieses Quiz wurde 11 mal gespielt
  • Das Durchschnittsergebnis liegt bei 6 aus 13
Antwortstatistiken
Hint Antwort % Korrekt
Seit 1992 Method Man
90%
Seit 1992 RZA
90%
Seit 1992 GZA
80%
1992- 2004 Ol' Dirty Bastard
70%
Seit 1992 Ghostface Killah
60%
Seit 1992 Raekwon
60%
Seit 1992 Inspectah Deck
40%
Seit 1992 Masta Killa
40%
Seit 1992 U- God
40%
Seit 2007 Cappadonna
30%
Mitglied Cody Nierstedt
0%
Mitglied Tony Ballard
0%
Mitglied Troy James Nalls
0%
Keine übereinstimmenden Quizze gefunden
Verteilung der Resultate
Anzahl Personen mit jedem Resultat
Perzentil nach korrekt beantworteten Fragen
Ihre Resultats-Entwicklung
Sie haben dieses Quiz noch nicht gespielt